The Oxford companion to military history / (Record no. 16282)

000 -LEADER
fixed length control field 01904cam a22003854a 4500
001 - CONTROL NUMBER
control field 12521875
005 - DATE AND TIME OF LATEST TRANSACTION
control field 20170105102936.0
008 - FIXED-LENGTH DATA ELEMENTS--GENERAL INFORMATION
fixed length control field 010831s2001 enkab b 001 0 eng c
010 ## - LIBRARY OF CONGRESS CONTROL NUMBER
LC control number 2001273896
015 ## - NATIONAL BIBLIOGRAPHY NUMBER
National bibliography number GBA0-V1358
020 ## - INTERNATIONAL STANDARD BOOK NUMBER
International Standard Book Number 0198606966
035 ## - SYSTEM CONTROL NUMBER
System control number (OCoLC)ocm47104779
040 ## - CATALOGING SOURCE
Original cataloging agency ORX
Transcribing agency ORX
Modifying agency UKM
-- UMC
-- AFQ
-- OMP
-- DLC
042 ## - AUTHENTICATION CODE
Authentication code pcc
050 00 - LIBRARY OF CONGRESS CALL NUMBER
Classification number D25.A2
Item number O94 2001
082 ## - DEWEY DECIMAL CLASSIFICATION NUMBER
Classification number 355.003
Author Mark OXF 2001
245 04 - TITLE STATEMENT
Title The Oxford companion to military history /
Statement of responsibility, etc. edited by Richard Holmes ; consultant editor, Hew Strachan ; Associate editors, Christopher Bellamy and Hugh Bicheno.
246 30 - VARYING FORM OF TITLE
Title proper/short title Companion to military history
246 30 - VARYING FORM OF TITLE
Title proper/short title Military history
260 ## - PUBLICATION, DISTRIBUTION, ETC.
Place of publication, distribution, etc. Oxford ;
-- New York :
Name of publisher, distributor, etc. Oxford University Press,
Date of publication, distribution, etc. 2001.
300 ## - PHYSICAL DESCRIPTION
Extent xvii, 1048 p. :
Other physical details ill., maps ;
Dimensions 26 cm.
504 ## - BIBLIOGRAPHY, ETC. NOTE
Bibliography, etc. note Includes bibliographical references and index.
520 1# - SUMMARY, ETC.
Summary, etc. "This Oxford companion does much to untangle the long and complicated history of military events in Europe and North America since the 18th century. The thoughtful entries are clear, concise, and readable, with a number of extended entries on such subjects as artillery, infantry, and the science and technology of war."--"Outstanding Reference Sources," American Libraries, May 2002.
650 #0 - SUBJECT ADDED ENTRY--TOPICAL TERM
Topical term or geographic name entry element Military history.
700 1# - ADDED ENTRY--PERSONAL NAME
Personal name Holmes, Richard,
Dates associated with a name 1946-2011.
700 1# - ADDED ENTRY--PERSONAL NAME
Personal name Strachan, Hew.
700 1# - ADDED ENTRY--PERSONAL NAME
Personal name Bellamy, Chris.
700 1# - ADDED ENTRY--PERSONAL NAME
Personal name Bicheno, Hugh.
856 42 - ELECTRONIC LOCATION AND ACCESS
Materials specified Publisher description
Uniform Resource Identifier <a href="http://www.loc.gov/catdir/enhancements/fy0637/2001273896-d.html">http://www.loc.gov/catdir/enhancements/fy0637/2001273896-d.html</a>
856 41 - ELECTRONIC LOCATION AND ACCESS
Materials specified Table of contents only
Uniform Resource Identifier <a href="http://www.loc.gov/catdir/enhancements/fy0637/2001273896-t.html">http://www.loc.gov/catdir/enhancements/fy0637/2001273896-t.html</a>
856 42 - ELECTRONIC LOCATION AND ACCESS
Materials specified Contributor biographical information
Uniform Resource Identifier <a href="http://www.loc.gov/catdir/enhancements/fy0724/2001273896-b.html">http://www.loc.gov/catdir/enhancements/fy0724/2001273896-b.html</a>
906 ## - LOCAL DATA ELEMENT F, LDF (RLIN)
a 7
b cbc
c pccadap
d 2
e ncip
f 20
g y-gencatlg
942 ## - ADDED ENTRY ELEMENTS (KOHA)
Source of classification or shelving scheme
Koha item type Book
Holdings
Withdrawn status Lost status Damaged status Not for loan Collection code Permanent Location Current Location Shelving location Date acquired Total Checkouts Full call number Barcode Date last seen Price effective from Koha item type
          Centre for International Peace & Stability (CIPS) Centre for International Peace & Stability (CIPS) General Stacks 03/15/2016   355.003 OXF 2001 CIPS0002751 03/15/2016 03/15/2016 Book
© 2023 Central Library, National University of Sciences and Technology. All Rights Reserved.